The trouble with fonts

Bibliographic Details
Main Author: Day, David E.
Format: Book
Published: Indiana : Alpha Bookc1993
Subjects:

MARC

LEADER 00000cam a2200000 7i4500
001 0000002866
005 20050503.0
020 |a 1567610307 
040 |a INS 
090 0 0 |a Z250.5   |b D2731 1993 
100 1 |a Day, David E. 
245 1 4 |a The trouble with fonts   |c David E. Day 
260 |a Indiana :   |b Alpha Bookc1993 
300 |a 299p. ;   |c 23 cm. 
650 0 0 |a Computer graphics 
999 |a 0000004996   |b BOOK   |c Open Shelf   |e Default branch